Les pays qui ont les plus grandes entreprises au monde - Statistiques

Statistiques générales
  • Ce quiz a été pris 443 fois
  • Le résultat moyen est 14 sur 15
Statistiques - réponses
Nombre d'entreprises dans le top 500 Réponse % Correct
103 Chine
99%
29 France
99%
28 Allemagne
98%
134 Etats-Unis
98%
52 Japon
98%
9 Espagne
95%
11 Canada
93%
7 Brésil
92%
9 Italie
92%
7 Inde
91%
25 Royaume-Uni
88%
8 Australie
86%
15 Corée du Sud
83%
15 Suisse
74%
12 Pays-Bas
73%
Aucun quiz correspondant
Distribution des résultats
% des personnes avec chaque résultat
Percentile par nombre de réponses
Votre historique - résultats
Vous n’avez pas pris ce quiz